| 000 | 00580nam a2200205Ia 4500 | ||
|---|---|---|---|
| 003 | OSt | ||
| 005 | 20230607145432.0 | ||
| 008 | 210423s2013 xx 000 0 und d | ||
| 020 | _a9789350974988 | ||
| 040 | _cAL | ||
| 041 | _aeng | ||
| 082 |
_a658 MISS _223 |
||
| 100 |
_aMISRA (S K);PURI (V K). _991063 |
||
| 245 | _aEconomic environment of business: with case studies. | ||
| 260 |
_aNew Delhi _bHimalaya Publishing House _c2013 |
||
| 300 |
_a716 _bPB |
||
| 365 |
_b475 _cINR |
||
| 906 | _abusiness: ; case ; Economic ; environment ; studies ; studies. | ||
| 942 |
_2ddc _cBK |
||
| 999 |
_c161548 _d161548 |
||